Якутская советская драматургия : (Record no. 224924)
[ view plain ]
| 000 -LEADER | |
|---|---|
| fixed length control field | 01159nam a2200241 i 4500 |
| 001 - CONTROL NUMBER | |
| control field | 000569069 |
| 003 - CONTROL NUMBER IDENTIFIER | |
| control field | AM-YeHGA |
| 005 - DATE AND TIME OF LATEST TRANSACTION | |
| control field | 20250617140711.0 |
| 008 - FIXED-LENGTH DATA ELEMENTS--GENERAL INFORMATION | |
| fixed length control field | 080227s1988 ||| r 000 0 rus d |
| 020 ## - INTERNATIONAL STANDARD BOOK NUMBER | |
| International Standard Book Number | 5020113441 |
| 040 ## - CATALOGING SOURCE | |
| Original cataloging agency | AM-YeHGA |
| 041 0# - LANGUAGE CODE | |
| Language code of text/sound track or separate title | rus |
| 090 ## - LOCALLY ASSIGNED LC-TYPE CALL NUMBER (OCLC); LOCAL CALL NUMBER (RLIN) | |
| -- | 226465 |
| 100 1# - MAIN ENTRY--PERSONAL NAME | |
| Personal name | Билюкина, Алла Афанасьевна |
| 245 10 - TITLE STATEMENT | |
| Title | Якутская советская драматургия : |
| Remainder of title | (Зарождение и развитие соц. реализма) / |
| Statement of responsibility, etc. | А.А. Билюкина; Отв. ред. Н.С. Сивцева; АН СССР, Сиб. отд-ние, Якут. фил., Ин-т яз., лит. и истории. |
| 260 ## - PUBLICATION, DISTRIBUTION, ETC. | |
| Place of publication, distribution, etc. | Москва : |
| Name of publisher, distributor, etc. | Наука, |
| Date of publication, distribution, etc. | 1988. |
| 300 ## - PHYSICAL DESCRIPTION | |
| Extent | 225 с. |
| 653 0# - INDEX TERM--UNCONTROLLED | |
| Uncontrolled term | Якутская советская драматургия |
| 653 0# - INDEX TERM--UNCONTROLLED | |
| Uncontrolled term | Социалистический реализм в литературе |
| 653 0# - INDEX TERM--UNCONTROLLED | |
| Uncontrolled term | Якутская АССР, литературоведение |
| 700 1# - ADDED ENTRY--PERSONAL NAME | |
| Personal name | Сивцева, Н.С. |
| Relator term | ред. |
| Relationship | edt |
| 710 2# - ADDED ENTRY--CORPORATE NAME | |
| Corporate name or jurisdiction name as entry element | Институт языка, литературы и истории СО АН СССР. |
| Subordinate unit | Якутский филиал |
| Withdrawn status | Lost status | Damaged status | Not for loan | Collection | Home library | Current library | Date acquired | Total checkouts | Full call number | Barcode | Date last seen | Price effective from | Koha item type | Public note |
|---|---|---|---|---|---|---|---|---|---|---|---|---|---|---|
| General | Fundamental Scientific Library | Fundamental Scientific Library | 28/12/2016 | PII/585417 | FL0082159 | 28/12/2016 | 28/12/2016 | Գրքեր / Books | 30 Days Loan | |||||
| General | Fundamental Scientific Library | Fundamental Scientific Library | 28/12/2016 | PII/591911 | FL0033399 | 28/12/2016 | 28/12/2016 | Գրքեր / Books | 30 Days Loan |
ՀՀ Գիտությունների ազգային ակադեմիայի հիմնարար գիտական գրադարան = Fundamental Scientific Library of NAS RA
All site content, except where otherwise noted, is licensed under a